A manual on methods for the assessment of secondary productivity in fresh waters

Αποθηκεύτηκε σε:
Λεπτομέρειες βιβλιογραφικής εγγραφής
Άλλοι συγγραφείς: Downing, John A. (Επιμελητής έκδοσης), Rigler, Frank H. (Επιμελητής έκδοσης)
Μορφή: Βιβλίο
Γλώσσα:English
Δημοσίευση: Oxford : Blackwell Scientific , 1984
Έκδοση:2nd ed.
Σειρά:IBP handbook ; ; 17
Θέματα:
Ετικέτες: Προσθήκη ετικέτας
Δεν υπάρχουν, Καταχωρήστε ετικέτα πρώτοι!

MARC

LEADER 00000cam a2200000 i 4500
001 1/65142
008 931006s1984 eng d
020 |a 0-632-00616-1 
035 |l 10001505 
040 |a GR-MY-UA  |b gre  |e aacr 
041 0 |a eng 
082 0 |a 574.52632 
245 1 2 |a A manual on methods for the assessment of secondary productivity in fresh waters /  |c Edited by John A. Downing and Frank H. Rigler 
250 |a 2nd ed. 
260 |a Oxford :   |b Blackwell Scientific ,   |c 1984 
300 |a xxiv, 501 σ.;  |b εικ.;  |c 24 εκ. 
490 1 |a IBP handbook  |v ; 17 
504 |a Περιέχει βιβλιογραφικές παραπομπές και ευρετήριο 
650 0 0 |a Freshwater productivity  |x Measurement. 
700 1 |a Downing, John A.  |4 edt 
700 1 |a Rigler, Frank H.  |4 edt 
830 0 |a IBP handbook ;  |v ; 17 
852 |a INST  |b LESVOS  |e 19931006  |h 547.52632 MAN  |p 005100005976  |q 005100005976  |t BK  |y 0 
909 |a Λ  |b 012284